00513nam a22001817a 450000500170000001000150001702000110003203500140004303700090005708200120006610000270007824500900010525000060019526000390020127000360024030000280027670000270030420240521152043.0 aENG-140419 c225.00 aEN-123950 bDBAD a954.083 aChakrabarty, Ramakanta aThe Mutinies And The People/cby Ramakanta ChakrabartybStatements Of Native Fidelity a2 aKolkatabThe Asiatic Societyc2010 a1, Park StreetbKolkatae700016 axvii,175 p.c22cm, (hb} aChakrabarty, Ramakanta